Investigación social y decisiones políticas /
Zapisane w:
| 1. autor: | |
|---|---|
| Format: | Texto |
| Hasła przedmiotowe: | |
| Etykiety: |
Dodaj etykietę
Nie ma etykietki, Dołącz pierwszą etykiete!
|
MARC
| LEADER | 00000 a a2200000 04500 | ||
|---|---|---|---|
| 001 | 18296 | ||
| 003 | |||
| 040 | |||
| 100 | |a Brunner, José Joaquín | ||
| 245 | |a Investigación social y decisiones políticas / |c José Joaquín Brunner | ||
| 650 | |a INTELECTUALES | ||
| 650 | |a INVESTIGADORES | ||
| 650 | |a INVESTIGACION SOCIAL | ||
| 650 | |a POLITICA GUBERNAMENTAL | ||
| 773 | |g número 3; páginas 31-43 | ||
| 999 | |c 27335 |d 27335 | ||
